000
00323nam a22001337a 4500
020
_a
-
082
_a
891.4391 TAH
100
_a
Tahir, Masood Qureshi
245
_a
Tum Mujhay Thaam Quen Nahi Letey (Urdu)
260
_a
Lahore
_b
Mawara Publishers
_c
2013
300
_a
160 p.
650
_a
1. Urdu Literature
942
_c
BK
999
_c
490879
_d
490879